Kancil mengira buaya

Bibliographic Details
Format: Book
Published: Selangor : Kiddibird , [?]
Series:Siri kancil bestari
Subjects:

MARC

LEADER 00000cam a2200000 7i4500
001 0000000482
005 20220105103912.0
008 070702
020 |a 9833334164 
090 0 0 |a JP   |b MAL (847) 
245 0 0 |a Kancil mengira buaya 
260 |a Selangor :   |b Kiddibird ,   |c [?] 
440 |a Siri kancil bestari 
500 |a Children age 4-6 years old (yellow) 
650 0 |a Junior preschool   |x Malay   |x Languages 
999 |a 0000959599   |b Book   |c Children Collection   |e Cawangan Sri Merlong 
999 |a 0000959600   |b Book   |c Children Collection   |e Perbadanan Perpustakaan Awam Johor 
999 |a 0000959601   |b Book   |c Children Collection   |e Perbadanan Perpustakaan Awam Johor 
999 |a 0000959602   |b Book   |c Children Collection   |e Perbadanan Perpustakaan Awam Johor 
999 |a 0000959603   |b Book   |c Children Collection   |e Perbadanan Perpustakaan Awam Johor